Canzoni più ascoltate dei Coldplay - Statistics

Statistiche generali
  • Questo quiz è stato fatto 210 volte
  • Il punteggio medio è 6 su 10
Statistiche sulle risposte
Titolo Ascolti % Corretto
Viva La Vida 964 382 000
86%
Yellow 900 766 000
84%
Fix You 851 056 000
75%
Paradise 654 698 000
71%
A Sky Full Of Stars 846 918 000
69%
The Scientist 1079 076 000
68%
Hymn For The Weekend 1 285 580 000
56%
Something Just Like This 1669 322 000
51%
Adventure Of A Lifetime 715 759 000
34%
Magic 552 536 000
18%
Nessun quiz corrispondente trovato
Distribuzione punteggi
Percentuale di utenti per punteggio
Percentile per numero di risposta
I tuoi punteggi nel tempo
Non hai fatto questo quiz